| 000 | 01530cam a22003491 4500 | ||
|---|---|---|---|
| 001 | gs 49000104 | ||
| 003 | DLC | ||
| 005 | 20260227111355.0 | ||
| 008 | 770316s1947 miuab s000 0 eng c | ||
| 010 | _ags 49000104 | ||
| 035 | _a(OCoLC)2808659 | ||
| 040 |
_aU.S. Geol. Survey Libr. _cMiRochOU _dOCoLC _dDLC |
||
| 042 | _apremarc | ||
| 043 | _an-us-mi | ||
| 050 | 0 | 0 |
_aQE125 _b.A4 no. 38 |
| 082 | _a557.74 | ||
| 100 | 1 |
_aSmith, Richard A, _d1876- _eed. |
|
| 245 | 1 | 0 |
_aOccasional papers for 1946 on the geology of Michigan. _cPrepared under the direction of R. A. Smith. |
| 260 |
_a[Lansing, _c1947] |
||
| 300 |
_a82, 70 p. _billus., maps (part fold.) _c24 cm. |
||
| 490 | 1 | _aMichigan. Dept. of Conservation. Geological Survey Division. Publication 45, Geological series 38 | |
| 500 | _aEach pt. has special t.p. | ||
| 502 | _aThe authors theses - Univ. of Michigan. | ||
| 505 | 0 | _aThe post-glacial geology of the Marais Embaymennt, Berrien County, Michigan, by G. C. Tague. References (p. 80) -- The glacial and post-glacial history of the Platte and Crystal Lake depressions, Benzie County, Michigan, b. J. L. Calver. Bibliography: p. 68. | |
| 650 | 0 |
_aGeology _zMichigan _zBerrien County. |
|
| 650 | 0 |
_aGeology _zMichigan _zBenzie County. |
|
| 650 | 0 | _aGlacial epoch. | |
| 700 | 1 | 2 |
_aTague, Glenn Charles, _d1905- |
| 700 | 1 | 2 |
_aCalver, James Lewis, _d1913- |
| 810 | 1 |
_aMichigan. _bGeological Survey Division. _tPublication ; _v45. |
|
| 810 | 1 |
_aMichigan. _bGeological Survey Division. _tGeological series ; _v38. |
|
| 999 |
_c28355 _d28355 |
||